|
|
|
|
| LEADER |
00000nab a2200000uu 4500 |
| 001 |
vtls010910626 |
| 003 |
SK-MaSNL |
| 005 |
20260303125410.0 |
| 008 |
230218|2008 xo |||||||||||||||||slo| |
| 015 |
|
|
|a SNBRB
|
| 035 |
|
|
|a (urnnbn)urn:nbn:sk:snk:ar-a081wj
|
| 035 |
|
|
|a (uuid)5b0824a6-ffaa-4e10-9170-b7d703894e56
|
| 035 |
|
|
|a urn:nbn:sk:snk-ab900n
|
| 040 |
|
|
|a SNKBUCL
|b slo
|c SNKBUCL
|e AACR2
|
| 041 |
0 |
|
|a slo
|
| 044 |
|
|
|a xo
|c SK
|
| 100 |
1 |
|
|a Šedivý, Ján
|4 aut
|9 292194
|
| 245 |
1 |
0 |
|a VEREJNO-SÚKROMNÉ PARTNERSTVO PRI FINANCOVANÍ CESTNEJ INFRAŠTRUKTÚRY
|c Ján Šedivý
|
| 246 |
3 |
|
|a ROAD INFRASTRUCTURE FINANCING BY THE PUBLIC PRIVATE PARTNERSHIP
|
| 773 |
0 |
|
|t Civil and environmental engineering : scientific-technical journal
|g Roč. 4, č. 2 (2008), s. 125-129
|
| 954 |
|
|
|a odborná, vedecká literatúra pôvodná (slovenská)
|2 lita
|
| 958 |
|
|
|a OND
|
| 958 |
|
|
|a EUIPO
|
| 958 |
|
|
|a article10
|
| 999 |
|
|
|c 1934521
|d 1936451
|